Dialegs (Record no. 143388)
[ view plain ]
| 000 -LEADER | |
|---|---|
| campo de control de longitud fija | 00862nam a2200229 4500 |
| 001 - NÚMERO DE CONTROL | |
| campo de control | 143388 |
| 003 - IDENTIFICADOR DE NÚMERO DE CONTROL | |
| campo de control | ES-MaACL |
| 007 - CAMPO FIJO DE DESCRIPCIÓN FÍSICA--INFORMACIÓN GENERAL | |
| campo de control de longitud fija | t| |
| 008 - DATOS DE LONGITUD FIJA--INFORMACIÓN GENERAL | |
| campo de control de longitud fija | 070214s1926 sp r ||||1| cat d |
| 100 1# - ENTRADA PRINCIPAL--NOMBRE DE PERSONA | |
| Nombre de persona | Séneca, Lucio Anneo. |
| 9 (RLIN) | 105451 |
| 245 10 - MENCIÓN DEL TÍTULO | |
| Título | Dialegs |
| Resto del título | : ; Diáalegs a Seré ; De la constáancia del savi ; De la tranquilitat de l'esperit ;De l'oci ; De la clemència, a Neró Cèsar / |
| Mención de responsabilidad, etc. | Lucio Anneo Séneca ; Text revisat i traducció del Dr. Carles Cardó. |
| 260 ## - PUBLICACIÓN, DISTRIBUCIÓN, ETC. | |
| Lugar de publicación, distribución, etc. | Barcelona : |
| Nombre del editor, distribuidor, etc. | Fundació Bernat Metge, |
| Fecha de publicación, distribución, etc. | 1926. |
| 300 ## - DESCRIPCIÓN FÍSICA | |
| Extensión | 151 p. ; |
| Dimensiones | 22 cm. |
| 700 1# - ENTRADA AGREGADA--NOMBRE PERSONAL | |
| Nombre de persona | Cardó, Carles. |
| 9 (RLIN) | 35168 |
| 710 2# - ENTRADA AGREGADA--NOMBRE DE ENTIDAD CORPORATIVA | |
| Nombre de entidad corporativa o nombre de jurisdicción como elemento de entrada | Fundació Bernat Metge. |
| 9 (RLIN) | 4201 |
| 740 0# - ENTRADA AGREGADA--TÍTULO RELACIONADO/ANALÍTICO NO CONTROLADO | |
| Título relacionado o analítico no controlado | Diáalegs a Serè. |
| 740 0# - ENTRADA AGREGADA--TÍTULO RELACIONADO/ANALÍTICO NO CONTROLADO | |
| Título relacionado o analítico no controlado | De la constáancia del savi. |
| 740 0# - ENTRADA AGREGADA--TÍTULO RELACIONADO/ANALÍTICO NO CONTROLADO | |
| Título relacionado o analítico no controlado | De la tranquilitat de l'esperit. |
| 740 0# - ENTRADA AGREGADA--TÍTULO RELACIONADO/ANALÍTICO NO CONTROLADO | |
| Título relacionado o analítico no controlado | De l'oci. |
| 740 0# - ENTRADA AGREGADA--TÍTULO RELACIONADO/ANALÍTICO NO CONTROLADO | |
| Título relacionado o analítico no controlado | De la clemència, a Neró Cèsar. |
| 852 ## - LOCALIZACIÓN | |
| Ubicación | ES-MaACL |
| Número de control de estantería | C-6789 |
| Estatus retirado | Estado de pérdida | Estado de daño | No para préstamo | Biblioteca de origen | Biblioteca actual | Ubicación en estantería | Fecha de adquisición | Fuente de adquisición | Total de préstamos | Signatura topográfica completa | Código de barras | Visto por última vez | Precio de reemplazo | Tipo de ítem Koha |
|---|---|---|---|---|---|---|---|---|---|---|---|---|---|---|
| Biblioteca del Ateneo de Madrid | Biblioteca del Ateneo de Madrid | Sala Palomar | 17/01/2008 | C-6789 | 1149183 | 23/02/2023 | 23/02/2023 | Libro impreso |
